| 000 | 00719nam a22002770a 4500 | ||
|---|---|---|---|
| 001 | PT45180 | ||
| 003 | AR-LpoUNG | ||
| 005 | 20210131231042.0 | ||
| 008 | 191001s2012||||ag |||||||||||||||||spa d | ||
| 040 |
_aAR-LpoUNG _bspa _cAR-LpoUNG _eaacr |
||
| 041 | _aspa | ||
| 044 | _aag | ||
| 082 | 0 | _aA861 665rei | |
| 100 | 1 | _aMinieri, Ramón | |
| 245 | 1 | 3 |
_aLa reina loca : _blibro de vientos de los sármatas |
| 250 | _a1§ ed. | ||
| 260 |
_aBuenos Aires : _bRío Colorado, _c2012. |
||
| 300 |
_a136 p. : _bil., gráfs. |
||
| 650 | 4 | _aAPRECIACION LITERARIA | |
| 650 | 4 | _aARGENTINA | |
| 650 | 4 | _aLITERATURA | |
| 650 | 4 | _aPOESIA | |
| 651 | 4 | _aDOCUMENTOS TEORICOS O METODOLOGICOS | |
| 905 | _a45180 | ||
| 942 | _cLIB | ||
| 999 |
_c7703 _d7703 |
||